| 000 | 00543nam a2200193Ia 4500 | ||
|---|---|---|---|
| 003 | OSt | ||
| 005 | 20230605103005.0 | ||
| 008 | 210423s2001 xx 000 0 und d | ||
| 040 | _cAL | ||
| 041 | _aeng | ||
| 082 |
_a658.3 RAOP _223 |
||
| 100 |
_aRAO (G Surya Prakash) _9119481 |
||
| 245 | _aPeople management: changing perceptions and practices | ||
| 260 |
_bICFAI Press _c2001 |
||
| 365 |
_b300 _cINR |
||
| 650 |
_aPersonnel Management _9119482 |
||
| 906 | _achanging ; management: ; People ; perceptions ; practices | ||
| 942 |
_2ddc _cBK |
||
| 999 |
_c173760 _d173760 |
||